පුරවැසි අධ්‍යාපනය 6 ශ්‍රේණිය : බස්නාහිර පළාත් පසුගිය විභාග ප්‍රශ්නෝත්තර : පළමු දෙවන සහ තෙවන වාර පරීක්ෂණ ප්‍රශ්න පත්‍ර සහ පිළිතුරු /

Puravasi adyapanaya 6 shreniya : pasugiya vibhaga prashnoththra
Saved in:
Bibliographic Details
Other Authors: අමරසිංහ, දිමුතු (සම්පා.)
Format: Book
Published: කොළඹ : ඇම්. ඩී. ගුණසේන, 2025.
Subjects:
Tags: Add Tag
No Tags, Be the first to tag this record!

MARC

LEADER 00000nam a2200000 4500
003 LK-CoNLD
005 20251112134636.0
008 250923b |||||||| |||| 00| 0 ||| d
015 |2 slnb  |a slnb202508 
017 |a 502578  |b LK-CoDNA 
040 |a LK-CoNLD  |b SIN  |c LK-CoNLD  |d LK-CoNLD 
082 |2 23  |q LK-CoNLD  |a 300.76 
245 |6 880-1  |a පුරවැසි අධ්‍යාපනය 6 ශ්‍රේණිය :   |b බස්නාහිර පළාත් පසුගිය විභාග ප්‍රශ්නෝත්තර : පළමු දෙවන සහ තෙවන වාර පරීක්ෂණ ප්‍රශ්න පත්‍ර සහ පිළිතුරු /  |c සම්පාදනය දිමුතු අමරසිංහ. 
260 |a කොළඹ :  |b ඇම්. ඩී. ගුණසේන,  |c 2025. 
300 |a පි. 82 : ඡායාරූප ;  |c සෙමී. 29.  |b මැබැ-බෝක : රු. 500.00 
650 0 |a පුරවැසි අධ්‍යාපනය - ගැටලු, අභ්‍යාස,ආදිය  |9 4559 
650 0 |a Citizenship education - Problems,exercise,etc  |9 43144 
700 |a අමරසිංහ, දිමුතු   |9 90669  |e සම්පා. 
880 |6 245-1  |a Puravasi adyapanaya 6 shreniya : pasugiya vibhaga prashnoththra 
942 |c BOOK 
945 |a 18246  |b Chamari MUTHUMALI  |c 12  |d Thilosha LIYANAGE 
999 |c 293051  |d 293051